There is Something/ (Record no. 186199)

MARC details
000 -LEADER
fixed length control field 00483nam a22001817a 4500
005 - DATE AND TIME OF LATEST TRANSACTION
control field 20220216143819.0
010 ## - LCCN (DPL NO)
LC control number ENG-131630
020 ## - INTERNATIONAL STANDARD BOOK NUMBER
Terms of availability 320.00
035 ## - SYSTEM CONTROL NUMBER
System control number EN-115162
037 ## - SOURCE OF ACQUISITION
Source of stock number/acquisition DBAD
082 ## - DEWEY DECIMAL CLASSIFICATION NUMBER
Classification number 240
100 ## - MAIN ENTRY--PERSONAL NAME
Personal name Sagar, Muni Pranam
245 ## - TITLE STATEMENT
Title There is Something/
Statement of responsibility, etc Muni Pranam Sagar
260 ## - PUBLICATION, DISTRIBUTION, ETC. (IMPRINT)
Place of publication, distribution, etc Madhya Pradesh
Name of publisher, distributor, etc Rang Publication
Date of publication, distribution, etc 2018
270 ## - ADDRESS
Address 33, Basi Gali, Rajbada
City Indore
300 ## - PHYSICAL DESCRIPTION
Extent 414p.
Dimensions 21cm(pbk)
942 ## - ADDED ENTRY ELEMENTS (KOHA)
Source of classification or shelving scheme Dewey Decimal Classification
Item type English Books
Classification part 240
Call number suffix SAG
Holdings
Withdrawn status Lost status Not for loan Collection code Home library Current library Date acquired Source of acquisition Cost, normal purchase price Full call number Barcode Copy number Cost, replacement price Koha item type
      Non-fiction Bawana Bawana 16/02/2022 DBAD/PUB 320.00 240 SAG EN-115162 1 320.00 English Books

© Delhi Public Library
Hit Counter
free hit counter